000 00202 a2200097 4500
001 2864
100 _aDickens, C treasury
245 _aWork of charles dirkens
260 _a
_b
_c
090 _c2158
_d2158
942 _aNUST-CAE
_cM
_c12869
999 _c237937
_d237937